La ciudad como objeto de las ciencias sociales (Registro nro. 31222)
[ vista simple ]
| 000 -LEADER | |
|---|---|
| fixed length control field | 00335 a2200109 4500 |
| 001 - CONTROL NUMBER | |
| control field | ART_39602 |
| 005 - DATE AND TIME OF LATEST TRANSACTION | |
| control field | 20260410162000.0 |
| 008 - FIXED-LENGTH DATA ELEMENTS--GENERAL INFORMATION | |
| fixed length control field | 260409a |
| 100 1# - MAIN ENTRY--PERSONAL NAME | |
| Personal name | Trotta, Miguel Eduardo Vicente |
| 245 10 - TITLE STATEMENT | |
| Title | La ciudad como objeto de las ciencias sociales |
| 773 0# - HOST ITEM ENTRY | |
| Title | Propuestas |
| Related parts | - Año 3, Nº 6 (dic. 1997) |
| Record control number | REV28258 |
No hay ítems disponibles.